Bytový dom
Salvato in:
| Autore principale: | |
|---|---|
| Altri autori: | |
| Natura: | Manoscritto Libro |
| Lingua: | slovacco |
| Pubblicazione: |
2023
|
| Soggetti: | |
| Accesso online: | http://is.stuba.sk/zp/portal_zp.pl?podrobnosti=171473 https://opac.crzp.sk/?fn=detailBiblioForm&sid=D51643D01657CDEC2D93BDF06848 |
| Tags: |
Nessun Tag, puoi essere il primo ad aggiungerne!!
|
MARC
| LEADER | 00000ntm a22000003a 4500 | ||
|---|---|---|---|
| 001 | stuzp88512 | ||
| 003 | SK-STU | ||
| 005 | 20230919100439.0 | ||
| 007 | ta | ||
| 008 | 150427s2015----xo-----f-mn---000-0-slo-d | ||
| 040 | |a STU |b slo | ||
| 041 | 0 | |a slo | |
| 100 | 1 | |a Kostka, Samuel |u 010270 |4 aut |U SvF Stavebná fakulta |T SvF Katedra technológie stavieb |X 104477 |U V270 |Y 28 |7 104477 | |
| 242 | 0 | 1 | |a Apartment House |y eng |
| 245 | 1 | 0 | |a Bytový dom |
| 260 | |c 2023 | ||
| 650 | 4 | |a Časový harmonogram |2 slo | |
| 650 | 4 | |a Zámková dlažba |2 slo | |
| 650 | 4 | |a Bytový dom |2 slo | |
| 650 | 4 | |a Time schedule |2 eng | |
| 650 | 4 | |a Residential building |2 eng | |
| 650 | 4 | |a Interlocking pavement |2 eng | |
| 700 | 1 | |a Hanko, Martin |u 010270 |k Z8 |4 ths |U SvF Stavebná fakulta |T SvF Katedra technológie stavieb |X 49405 |U V270 |Y 28 |7 A000049405 | |
| 856 | 4 | |u http://is.stuba.sk/zp/portal_zp.pl?podrobnosti=171473 | |
| 856 | 4 | |u https://opac.crzp.sk/?fn=detailBiblioForm&sid=D51643D01657CDEC2D93BDF06848 | |